Udržitelnost veřejných financí? Klíčem je nastartování růstu

Vývoj verejných financií v Českej republike. Naštartovanie hospodárskeho rastu ako kľúčová úloha českej ekonomiky. Potreba systémových úprav a štrukturálnych reforiem v najväčších výdavkových položkách (dôchodky, školstvo, zdravotníctvo). Demografia ako kľúč verejných rozpočtov.

Gespeichert in:
Bibliographische Detailangaben
1. Verfasser: Bárta, Daniel
Format: Buchkapitel
Sprache:Tschechisch
Schlagworte:
Tags: Tag hinzufügen
Keine Tags, Fügen Sie das erste Tag hinzu!

MARC

LEADER 00000naa a2200000 4500
001 0306330
005 20250121074648.1
041 0 |a cze 
044 |a CZ 
245 1 0 |a Udržitelnost veřejných financí? Klíčem je nastartování růstu  |c Daniel Bárta 
520 |a Vývoj verejných financií v Českej republike. Naštartovanie hospodárskeho rastu ako kľúčová úloha českej ekonomiky. Potreba systémových úprav a štrukturálnych reforiem v najväčších výdavkových položkách (dôchodky, školstvo, zdravotníctvo). Demografia ako kľúč verejných rozpočtov. 
610 2 0 |a financie verejné 
610 2 0 |a udržateľnosť 
610 2 0 |a zodpovednosť rozpočtová 
610 2 0 |a výdavky verejné 
610 2 0 |a rozpočty verejné 
610 2 0 |a ekonomika 
610 2 0 |a demografia 
610 2 0 |a pandémia 
610 2 0 |a Česko 
100 1 |a Bárta, Daniel